Công nghệ sản xuất phân sinh học : Phân hữu cơ, phân vi sinh và phân hữu cơ - vi sinh
Nội dung tài liệu tìm hiểu về vai trò của vi sinh vật ở một số chu trình tự nhiên trong đất; các loại vi sinh vật có ích; các phương pháp sản xuất phân hữu cơ, phân vi sinh cùng phương pháp thử nghiệm, ứng dụng và tiềm năng của các loại p...
Wedi'i Gadw mewn:
| Prif Awdur: | |
|---|---|
| Fformat: | Llyfr |
| Iaith: | Undetermined |
| Cyhoeddwyd: |
Cần Thơ
Nxb. Đại học Cần Thơ
2016
|
| Pynciau: | |
| Tagiau: |
Ychwanegu Tag
Dim Tagiau, Byddwch y cyntaf i dagio'r cofnod hwn!
|
| Thư viện lưu trữ: | Trung tâm Học liệu Trường Đại học Cần Thơ |
|---|
| LEADER | 01141nam a2200253Ia 4500 | ||
|---|---|---|---|
| 001 | CTU_206246 | ||
| 008 | 210402s9999 xx 000 0 und d | ||
| 020 | |c 43000 | ||
| 082 | |a 631.86 | ||
| 082 | |b Đ307 | ||
| 100 | |a Cao, Ngọc Điệp | ||
| 245 | 0 | |a Công nghệ sản xuất phân sinh học : | |
| 245 | 0 | |b Phân hữu cơ, phân vi sinh và phân hữu cơ - vi sinh | |
| 245 | 0 | |c Cao Ngọc Điệp, Ngô Thanh Phong | |
| 260 | |a Cần Thơ | ||
| 260 | |b Nxb. Đại học Cần Thơ | ||
| 260 | |c 2016 | ||
| 520 | |a Nội dung tài liệu tìm hiểu về vai trò của vi sinh vật ở một số chu trình tự nhiên trong đất; các loại vi sinh vật có ích; các phương pháp sản xuất phân hữu cơ, phân vi sinh cùng phương pháp thử nghiệm, ứng dụng và tiềm năng của các loại phân này | ||
| 526 | |a Phân bón vi sinh | ||
| 526 | |b CSV612 | ||
| 650 | |a Fertilizers,Manures | ||
| 650 | |x Phân bón | ||
| 904 | |i Tuyến | ||
| 980 | |a Trung tâm Học liệu Trường Đại học Cần Thơ | ||